|
|
|
แสดงรายละเอียดบรรณานุกรม |
|
|
Brief Record
: Get Marc (ISO 2709)
: E-mail record
: |
|
|
| LEADER 01174nam 2200277 a 4500 | |||
| 001 12334104854 | |||
| 003 ULIB | |||
| 008 030417s2550 th a sb 001 0 tha | |||
| 020 ^a9789748460994 | |||
| 060 4 ^aWK810^bส232ร 2550 | |||
| 100 0 ^aสมเกียรติ แสงวัฒนาโรจน์ | |||
| 245 10 ^aโรคร้ายแห่งการพอกพูนสะสม :^bเบาหวาน ความดันฯ ไขมัน บุหรี่ อ้วนพีมีพุง /^cสมเกียรติ แสงวัฒนาโรจน์ | |||
| 246 30 เบาหวาน ความดันฯ ไขมัน บุหรี่ อ้วนพีมีพุง | |||
| 250 ^aพิมพ์ครั้งที่ 1 | |||
| 260 ^aกรุงเทพฯ :^bหมอชาวบ้าน,^c2550 | |||
| 300 ^a134 หน้า :^bภาพประกอบ | |||
| 650 7 ความดันเลือดสูง^xการป้องกันและควบคุม | |||
| 650 7 เบาหวาน^xการป้องกันและควบคุม | |||
| 650 7 โรคระบาด | |||
| 650 7 สุขภาพ | |||
| 913 ^aImported by ULIBM Administrator | |||
| 949 ^aImport form external file by ULIBM system | |||
| 999 ^aสุณิสา | |||
| คุณยังไม่ได้ล็อกอิน คุณสามารถมีกิจกรรมร่วมกับเว็บไซต์ได้ แต่ต้องล็อกอินก่อน :: |
|
| สถานะ | |||||||||
| 1. | ตำราวิทยาศาสตร์สุขภาพ | WK810 ส232ร 2550 ฉ.1 Barcode: B0021483 | ►ชั้นหนังสือเก่าปีพิมพ์เกิน 10 ปี | บนชั้น | |||||
| 2. | ตำราวิทยาศาสตร์สุขภาพ | WK810 ส232ร 2550 ฉ.2 Barcode: B0021484 | ►ชั้นหนังสือเก่าปีพิมพ์เกิน 10 ปี | บนชั้น | |||||
| 3. | ตำราวิทยาศาสตร์สุขภาพ | WK810 ส232ร 2550 ฉ.3 Barcode: B0021485 | ►ชั้นหนังสือเก่าปีพิมพ์เกิน 10 ปี | บนชั้น | |||||
| [แสดง 3/3 รายการ] | |||||||||
| รายการใกล้เคียง ผู้แต่ง [สมเกียรติ แสงวัฒนาโรจน์] หัวเรื่อง [โรคระบาด]
|
BibComment |
| คอมเมนท์ทรัพยากรรายการนี้ |
|
|